000 01013nam a2200169 i 4500
001 146204
003 ES-MaACL
005 20230906201441.0
007 t|
008 070905s19271934sp ||||1| spa d
245 0 0 _aTratado de patologia interna /
_cpublicado bajo la dirección de Ed. Enriquez, A. Laffite ; traducido por el Doctor Manuel Salvat.
260 _aBarcelona :
_bSalvat,
_c1927-1934.
300 _a3 tom. en 5 v. ;
_c27 cm.
505 8 _aContiene: 1. Enfermedades infecciosas y parasitorias, enfermedades de la boca, faringe, esófago, estómago e intestino 2, pte. 1. Enfermedades del hígado y las vías biliares, enfermedades de la nutrición, intoxicaciones 2, pte. 2. Enfermedades de los riñones y del peritoneo, patología de las glándulas endocrinas ectosimpatosis, reumatismos crónicos 3, pte. 1. Enfermedades del corazón y de los vasos 3, pte. 2. Enfermedades de la sangre y de los órganos hematopoyéticos
700 1 _aEnríquez, Edouard.
_947276
852 _aES-MaACL
_jB-13525-29
999 _c146204
_d146204